[Event "NatWest Team Challenge"]
[Site "Catford"]
[Date "1985.08.??"]
[Round "?"]
[White "Hawksworth, John C"]
[Black "Kosten, Anthony C"]
[Result "1-0"]
[WhiteElo "2370"]
[BlackElo "2395"]
[PlyCount "101"]
[EventDate "1985.08.11"]
[EventType "team-schev"]
[EventRounds "9"]
[EventCountry "ENG"]
[SourceTitle "BritBase"]
[Source "John Saunders"]
[SourceDate "2023.02.28"]
[SourceVersion "1"]
[SourceVersionDate "2023.02.28"]
[SourceQuality "1"]
[WhiteTeam "Anglo-India"]
[BlackTeam "England"]
[WhiteTeamCountry "ENG"]
[BlackTeamCountry "ENG"]

1. d4 Nf6 2. c4 e6 3. Nf3 b6 4. g3 Bb4+ 5. Bd2 Bxd2+ 6. Qxd2 Ba6 7. b3 d5 8.
Bg2 O-O 9. Qb2 c5 10. Ne5 cxd4 11. Qxd4 Nbd7 12. O-O Rc8 13. Rd1 dxc4 14. Nxd7
Nxd7 15. Qxd7 cxb3 16. Qxd8 Rfxd8 17. Rxd8+ Rxd8 18. Na3 b2 19. Rb1 Bxe2 20.
Bf1 Rd1 21. Rxd1 Bxd1 22. Bd3 b5 $1 23. Kf1 $1 a6 24. Ke1 Bf3 25. Kd2 Bd5 26.
Bb1 b4 27. Nc2 Be4 28. Ke3 Bg6 29. Kd4 a5 30. Kc5 Bd3 31. Na3 bxa3 32. Bxd3 f5
33. Kb5 Kf7 34. Ka4 Kf6 35. Kxa3 e5 36. Kxb2 e4 37. Be2 Ke5 38. Kb3 g5 39. Ka4
Kd4 40. Kxa5 Kc3 41. a4 f4 42. gxf4 gxf4 43. Kb5 f3 44. Bc4 Kd2 45. a5 Ke1 46.
a6 Kxf2 47. a7 e3 48. a8=Q e2 49. Qa7+ Kg2 50. Qe3 h5 51. Bxe2 1-0

[Event "NatWest Team Challenge"]
[Site "Catford"]
[Date "1985.08.??"]
[Round "?"]
[White "Ravikumar, Vaidyanathan"]
[Black "Gallagher, Joseph G"]
[Result "1/2-1/2"]
[WhiteElo "2370"]
[BlackElo "2310"]
[PlyCount "26"]
[EventDate "1985.08.11"]
[EventType "team-schev"]
[EventRounds "9"]
[EventCountry "ENG"]
[SourceTitle "BritBase"]
[Source "John Saunders"]
[SourceDate "2023.02.28"]
[SourceVersion "1"]
[SourceVersionDate "2023.02.28"]
[SourceQuality "1"]
[WhiteTeam "Anglo-India"]
[BlackTeam "England"]
[WhiteTeamCountry "ENG"]
[BlackTeamCountry "ENG"]

1. d4 Nf6 2. c4 g6 3. Nc3 Bg7 4. e4 d6 5. Be2 O-O 6. Bg5 Nbd7 7. Qd2 e5 8. d5
a5 9. h4 Nc5 10. f3 c6 11. Nh3 cxd5 12. cxd5 Bd7 13. Nf2 a4 1/2-1/2

[Event "NatWest Team Challenge"]
[Site "Catford"]
[Date "1985.08.??"]
[Round "?"]
[White "Hall, John"]
[Black "Hawksworth, John C"]
[Result "1/2-1/2"]
[WhiteElo "2290"]
[BlackElo "2370"]
[PlyCount "84"]
[EventDate "1985.08.11"]
[EventType "team-schev"]
[EventRounds "9"]
[EventCountry "ENG"]
[SourceTitle "BritBase"]
[Source "John Saunders"]
[SourceDate "2023.02.28"]
[SourceVersion "1"]
[SourceVersionDate "2023.02.28"]
[SourceQuality "1"]
[WhiteTeam "USA"]
[BlackTeam "Anglo-India"]
[WhiteTeamCountry "USA"]
[BlackTeamCountry "ENG"]

1. d4 Nf6 2. c4 e6 3. Nf3 c5 4. d5 exd5 5. cxd5 d6 6. Nc3 g6 7. e4 Bg7 8. Be2
a6 9. a4 Bg4 10. O-O O-O 11. Bg5 h6 12. Bh4 Bxf3 13. Bxf3 Nbd7 14. Be2 Re8 15.
f3 Qb6 16. Qc2 Nh5 17. Rfd1 Nf4 18. Bf1 c4+ 19. Bf2 Qb4 20. Rab1 Rac8 21. Na2
Qa5 22. b4 cxb3 23. Qxb3 Nc5 24. Qb4 Qxa4 25. Qxa4 Nxa4 26. Rxb7 Rc2 27. Nb4
Rb2 28. g3 Nc3 29. Re1 Nfe2+ 30. Bxe2 Nxe2+ 31. Kf1 Nd4 32. e5 Nxf3 33. e6 f5
34. Rc1 Nxh2+ 35. Kg1 Nf3+ 36. Kf1 Be5 37. Rcc7 a5 38. Nc6 Rxb7 39. Rxb7 Nd2+
40. Ke2 Ne4 41. Nxe5 dxe5 42. Be1 Nf6 1/2-1/2

[Event "NatWest Team Challenge"]
[Site "Catford"]
[Date "1985.08.??"]
[Round "?"]
[White "Ravikumar, Vaidyanathan"]
[Black "Colias, Billy"]
[Result "1-0"]
[WhiteElo "2370"]
[BlackElo "2315"]
[PlyCount "78"]
[EventDate "1985.08.11"]
[EventType "team-schev"]
[EventRounds "9"]
[EventCountry "ENG"]
[SourceTitle "BritBase"]
[Source "John Saunders"]
[SourceDate "2023.02.28"]
[SourceVersion "1"]
[SourceVersionDate "2023.02.28"]
[SourceQuality "1"]
[WhiteTeam "Anglo-India"]
[BlackTeam "USA"]
[WhiteTeamCountry "ENG"]
[BlackTeamCountry "USA"]

1. d4 c5 2. d5 g6 3. c4 Bg7 4. Nc3 Bxc3+ 5. bxc3 f5 6. g4 fxg4 7. h3 g3 8. f4
Qa5 9. Qd3 d6 10. e4 Nf6 11. Ne2 b5 12. cxb5 Bb7 13. Bd2 c4 14. Qxc4 e6 15. Qd4
O-O 16. c4 Qa3 17. Bg2 Nbd7 18. O-O Rae8 19. Rae1 e5 20. Qc3 Qxc3 21. Bxc3 exf4
22. Nxf4 Rc8 23. Ne6 Rf7 24. Re3 Nh5 25. Rxf7 Kxf7 26. Bf1 Nb6 27. Be2 Nxc4 28.
Bxc4 Rxc4 29. Nd8+ Ke7 30. Nxb7 Nf4 31. Be1 Rc1 32. e5 dxe5 33. Rxe5+ Kf6 34.
Re4 Nxd5 35. Kg2 g5 36. Kxg3 h5 37. Bd2 h4+ 38. Kf3 Rf1+ 39. Kg2 Rd1 {Time} 1-0

[Event "NatWest Team Challenge"]
[Site "Catford"]
[Date "1985.08.??"]
[Round "?"]
[White "Schiller, Eric"]
[Black "Martin, Andrew D"]
[Result "0-1"]
[WhiteElo "2205"]
[BlackElo "2410"]
[PlyCount "100"]
[EventDate "1985.08.11"]
[EventType "team-schev"]
[EventRounds "9"]
[EventCountry "ENG"]
[SourceTitle "BritBase"]
[Source "John Saunders"]
[SourceDate "2023.02.28"]
[SourceVersion "1"]
[SourceVersionDate "2023.02.28"]
[SourceQuality "1"]
[WhiteTeam "USA"]
[BlackTeam "Anglo-India"]
[WhiteTeamCountry "USA"]
[BlackTeamCountry "ENG"]

1. d4 Nf6 2. Nc3 g6 3. Bg5 d6 4. Qd2 h6 5. Bxf6 exf6 6. e3 Bg7 7. Nge2 f5 8.
Nf4 Nd7 9. Bc4 Nf6 10. O-O-O c6 11. f3 d5 12. Bb3 Qd6 13. Rde1 O-O 14. h3 Re8
15. g4 Bd7 16. Nd3 Rad8 17. Qg2 fxg4 18. hxg4 Nh7 19. f4 Re7 20. Ne5 Be8 21. e4
Nf6 22. g5 hxg5 23. Qxg5 Qb4 24. Nd3 Qxd4 25. e5 Bd7 26. exf6 Bxf6 27. Qh6
Rxe1+ 28. Rxe1 Bf5 29. Ne5 Qf2 30. Re2 Qf1+ 31. Kd2 Re8 32. Rh2 Bg7 33. Qh4 Qg1
34. Ne2 Qc5 35. Qh7+ Kf8 36. Qh4 f6 37. Nd3 Qe3+ 38. Kc3 Be4 39. Qf2 f5+ 40.
Kb4 Bxd3 41. Qxe3 Rxe3 42. cxd3 Rxd3 43. Rg2 Kf7 44. Nc3 Bf8+ 45. Ka5 Rd4 46.
a3 Bc5 47. Nxd5 cxd5 48. Kb5 Bd6 49. Rh2 Kf6 50. Rh7 Be7 {... 90 moves} 0-1

[Event "NatWest Team Challenge"]
[Site "Catford"]
[Date "1985.08.??"]
[Round "?"]
[White "Conquest, Stuart"]
[Black "Levi, Eddy L"]
[Result "1-0"]
[WhiteElo "2345"]
[BlackElo "2280"]
[PlyCount "77"]
[EventDate "1985.08.11"]
[EventType "team-schev"]
[EventRounds "9"]
[EventCountry "ENG"]
[SourceTitle "BritBase"]
[Source "John Saunders"]
[SourceDate "2023.02.28"]
[SourceVersion "1"]
[SourceVersionDate "2023.02.28"]
[SourceQuality "1"]
[WhiteTeam "England"]
[BlackTeam "Australia"]
[WhiteTeamCountry "ENG"]
[BlackTeamCountry "AUS"]

1. d4 Nf6 2. c4 c5 3. d5 b5 4. cxb5 a6 5. b6 Qxb6 6. Nc3 g6 7. e4 d6 8. f4 Bg7
9. Nf3 O-O 10. Bc4 Qb4 11. Nd2 e6 12. a3 Qb7 13. O-O exd5 14. Nxd5 Nc6 15. Kh1
Bd7 16. Rb1 Rae8 17. Nxf6+ Bxf6 18. b4 cxb4 19. f5 Kg7 20. Bd5 Qc7 21. Nf3 Ne5
22. Qd2 Kh8 23. Nxe5 dxe5 24. Qh6 Bb5 25. Rg1 Bg7 26. Qh4 gxf5 27. exf5 Qd6 28.
Rb3 Bd7 29. Qh5 Qf6 30. Rf1 h6 31. Rh3 Kg8 32. Rg3 Kh7 33. h4 Bb5 34. Bg5 Qd6
35. f6 Bxf1 36. Be4+ Kh8 37. fxg7+ Kg8 38. Bxh6 Bxg2+ 39. Rxg2 1-0

[Event "NatWest Team Challenge"]
[Site "Catford"]
[Date "1985.08.??"]
[Round "?"]
[White "Levi, Eddy L"]
[Black "Colias, Billy"]
[Result "0-1"]
[WhiteElo "2280"]
[BlackElo "2315"]
[PlyCount "118"]
[EventDate "1985.08.11"]
[EventType "team-schev"]
[EventRounds "9"]
[EventCountry "ENG"]
[SourceTitle "BritBase"]
[Source "John Saunders"]
[SourceDate "2023.02.28"]
[SourceVersion "1"]
[SourceVersionDate "2023.02.28"]
[SourceQuality "1"]
[WhiteTeam "Australia"]
[BlackTeam "USA"]
[WhiteTeamCountry "AUS"]
[BlackTeamCountry "USA"]

1. e4 e6 2. Nf3 d5 3. Nc3 Nf6 4. e5 Nfd7 5. d4 c5 6. dxc5 Bxc5 7. Bd3 Nc6 8.
Qe2 Be7 9. O-O a6 10. Bf4 O-O 11. Bg3 b5 12. Nd1 Nb4 13. Nd4 Qb6 14. c3 Nxd3
15. Qxd3 Bb7 16. Ne3 Rfc8 17. Kh1 b4 18. f4 bxc3 19. bxc3 Nc5 20. Qe2 Ne4 21.
Rab1 Qa7 22. Qg4 h5 23. Qxh5 g6 24. Qg4 Rxc3 25. Nec2 Nxg3+ 26. hxg3 Kg7 27. f5
Rh8+ 28. Kg1 exf5 29. Rxb7 Qxb7 30. Nxf5+ Kf8 31. Nxe7 Qxe7 32. e6 Qc5+ 33. Nd4
Rc1 34. Qf4 Rxf1+ 35. Kxf1 Rh1+ 36. Kf2 f5 37. Qe5 Ke7 38. Qg7+ Kd6 39. e7 Kd7
40. Qf6 Rd1 41. Qe6+ Ke8 42. Qxg6+ Kxe7 43. Qg5+ Kd6 44. Qf6+ Kc7 45. Qf7+ Kb6
46. Qf6+ Ka5 47. Qd8+ Kb4 48. Qb8+ Kc3 49. Qb3+ Kxd4 50. Qxd1+ Ke4+ 51. Kf1
Qc4+ 52. Ke1 Qc3+ 53. Ke2 Qe3+ 54. Kf1 Qd3+ 55. Qe2+ Kd4 56. Ke1 Qxe2+ 57. Kxe2
Kc3 58. Kd1 Kd3 59. a3 a5 0-1

[Event "NatWest Team Challenge"]
[Site "Catford"]
[Date "1985.08.??"]
[Round "?"]
[White "Colias, Billy"]
[Black "Conquest, Stuart"]
[Result "0-1"]
[WhiteElo "2315"]
[BlackElo "2345"]
[PlyCount "62"]
[EventDate "1985.08.11"]
[EventType "team-schev"]
[EventRounds "9"]
[EventCountry "ENG"]
[SourceTitle "BritBase"]
[Source "John Saunders"]
[SourceDate "2023.02.28"]
[SourceVersion "1"]
[SourceVersionDate "2023.02.28"]
[SourceQuality "1"]
[WhiteTeam "USA"]
[BlackTeam "England"]
[WhiteTeamCountry "USA"]
[BlackTeamCountry "ENG"]

1. e4 c5 2. Nc3 Nc6 3. f4 g6 4. Nf3 Bg7 5. Bb5 Nd4 6. O-O Nxb5 7. Nxb5 d5 8.
exd5 Nf6 9. d6 O-O 10. dxe7 Qxe7 11. Nc3 c4 12. d4 cxd3 13. cxd3 Rd8 14. Ne5 b5
15. Qe2 Bb7 16. Bd2 b4 17. Ng4 Qxe2 18. Nxf6+ Bxf6 19. Nxe2 a5 20. d4 Ba6 21.
Rfe1 Bxe2 22. Rxe2 Bxd4+ 23. Be3 Bxe3+ 24. Rxe3 Rd2 25. Kf1 Rc8 26. a3 Rcc2 27.
axb4 Rf2+ 28. Ke1 Rxg2 29. Kf1 Rcf2+ 30. Ke1 Rxb2 31. Kf1 Rxh2 0-1

[Event "NatWest Team Challenge"]
[Site "Catford"]
[Date "1985.08.??"]
[Round "?"]
[White "Gallagher, Joseph G"]
[Black "Schiller, Eric"]
[Result "1/2-1/2"]
[WhiteElo "2310"]
[BlackElo "2205"]
[PlyCount "86"]
[EventDate "1985.08.11"]
[EventType "team-schev"]
[EventRounds "9"]
[EventCountry "ENG"]
[SourceTitle "BritBase"]
[Source "John Saunders"]
[SourceDate "2023.02.28"]
[SourceVersion "1"]
[SourceVersionDate "2023.02.28"]
[SourceQuality "1"]
[WhiteTeam "England"]
[BlackTeam "USA"]
[WhiteTeamCountry "ENG"]
[BlackTeamCountry "USA"]

1. e4 c6 2. d4 d5 3. exd5 Qxd5 4. Nc3 Qd6 5. Nf3 Nf6 6. Bg5 Bg4 7. Be2 Nbd7 8.
Qd2 e6 9. O-O Qc7 10. Ne5 Bxe2 11. Qxe2 Be7 12. Rfe1 O-O 13. Rad1 Nxe5 14. dxe5
Nd5 15. Nxd5 cxd5 16. Bc1 Rac8 17. c3 Qc4 18. Rd3 Bc5 19. b3 Qa6 20. c4 dxc4
21. Rh3 g6 22. Qd2 Rc7 23. Re4 cxb3 24. axb3 Qc6 25. Re1 f6 26. Rf3 f5 27. h4
Be7 28. h5 g5 29. Rd3 h6 30. Rd1 Rf7 31. Qa5 b6 32. Qa6 Bc5 33. Ba3 Kg7 34.
Bxc5 Qxc5 35. Qa1 Qb5 36. Qb2 Rfe7 37. Rd6 Qc5 38. Qa1 Qc3 39. Qxc3 Rxc3 40. b4
Rc4 41. Rd7 Kf7 42. Rd8 Kg7 43. Ra8 Rec7 1/2-1/2

[Event "NatWest Team Challenge"]
[Site "Catford"]
[Date "1985.08.??"]
[Round "?"]
[White "Kosten, Anthony C"]
[Black "Hall, John"]
[Result "0-1"]
[WhiteElo "2395"]
[BlackElo "2290"]
[PlyCount "104"]
[EventDate "1985.08.11"]
[EventType "team-schev"]
[EventRounds "9"]
[EventCountry "ENG"]
[SourceTitle "BritBase"]
[Source "John Saunders"]
[SourceDate "2023.02.28"]
[SourceVersion "1"]
[SourceVersionDate "2023.02.28"]
[SourceQuality "1"]
[WhiteTeam "England"]
[BlackTeam "USA"]
[WhiteTeamCountry "ENG"]
[BlackTeamCountry "USA"]

1. e4 e5 2. Nf3 Nc6 3. Bb5 Nf6 4. O-O d6 5. d4 Bd7 6. Re1 Be7 7. c3 O-O 8. Bf1
exd4 9. cxd4 d5 10. e5 Ne4 11. Nc3 Bf5 12. Bd3 Nb4 13. Bb1 c5 14. Be3 c4 15.
Rf1 Nd3 16. Ne1 Nxb2 17. Qf3 Nxc3 18. Bxf5 Nba4 19. Bc2 Qd7 20. Bd2 Ne4 21.
Bxe4 dxe4 22. Qxe4 c3 23. Be3 Nb6 24. Nc2 Nd5 25. f4 f5 26. Qd3 b5 27. Rae1 b4
28. Bc1 Qe6 29. g4 Rad8 30. Re2 g6 31. h4 fxg4 32. h5 Rf5 33. hxg6 hxg6 34. Rg2
Rh5 35. Qe2 Kf7 36. f5 gxf5 37. Qxg4 Rdh8 38. Qg7+ Ke8 39. Kf2 Rh3 40. Rg6 Rh2+
41. Ke1 Qf7 42. Kd1 R8h3 43. Bg5 Qxg7 44. Rxg7 Bxg5 45. Rg8+ Kd7 46. Rxg5 Rd2+
47. Kc1 Rhh2 48. Na1 Rxa2 49. Nb3 Rhc2+ 50. Kb1 Rab2+ 51. Ka1 Rxb3 52. Rgxf5
Ra3+ 0-1

[Event "NatWest Team Challenge"]
[Site "Catford"]
[Date "1985.08.??"]
[Round "?"]
[White "Gallagher, Joseph G"]
[Black "Hawksworth, John C"]
[Result "1/2-1/2"]
[WhiteElo "2310"]
[BlackElo "2370"]
[PlyCount "42"]
[EventDate "1985.08.11"]
[EventType "team-schev"]
[EventRounds "9"]
[EventCountry "ENG"]
[SourceTitle "BritBase"]
[Source "John Saunders"]
[SourceDate "2023.02.28"]
[SourceVersion "1"]
[SourceVersionDate "2023.02.28"]
[SourceQuality "1"]
[WhiteTeam "England"]
[BlackTeam "Anglo-India"]
[WhiteTeamCountry "ENG"]
[BlackTeamCountry "ENG"]

1. e4 e6 2. d4 d5 3. Nc3 Bb4 4. e5 c5 5. a3 Bxc3+ 6. bxc3 Ne7 7. Nf3 Nbc6 8. a4
Qa5 9. Qd2 Bd7 10. Bd3 f6 11. exf6 gxf6 12. dxc5 e5 13. c4 dxc4 14. Bxc4 Qxc5
15. Bb3 Na5 16. Ba3 Nxb3 17. cxb3 Qd5 18. Qxd5 Nxd5 19. O-O-O Bc6 20. Rhe1
O-O-O 21. g3 Nc3 1/2-1/2

[Event "NatWest Team Challenge"]
[Site "Catford"]
[Date "1985.08.??"]
[Round "?"]
[White "Kosten, Anthony C"]
[Black "Martin, Andrew D"]
[Result "1/2-1/2"]
[WhiteElo "2395"]
[BlackElo "2410"]
[PlyCount "21"]
[EventDate "1985.08.11"]
[EventType "team-schev"]
[EventRounds "9"]
[EventCountry "ENG"]
[SourceTitle "BritBase"]
[Source "John Saunders"]
[SourceDate "2023.02.28"]
[SourceVersion "1"]
[SourceVersionDate "2023.02.28"]
[SourceQuality "1"]
[WhiteTeam "England"]
[BlackTeam "Anglo-India"]
[WhiteTeamCountry "ENG"]
[BlackTeamCountry "ENG"]

1. d4 Nf6 2. c4 c5 3. d5 e6 4. Nc3 exd5 5. cxd5 d6 6. Nf3 g6 7. e4 Bg7 8. Be2
O-O 9. O-O Re8 10. Nd2 Na6 11. f3 1/2-1/2

[Event "NatWest Team Challenge"]
[Site "Catford"]
[Date "1985.08.??"]
[Round "?"]
[White "Ravikumar, Vaidyanathan"]
[Black "Conquest, Stuart"]
[Result "1-0"]
[WhiteElo "2370"]
[BlackElo "2345"]
[PlyCount "97"]
[EventDate "1985.08.11"]
[EventType "team-schev"]
[EventRounds "9"]
[EventCountry "ENG"]
[SourceTitle "BritBase"]
[Source "John Saunders"]
[SourceDate "2023.02.28"]
[SourceVersion "1"]
[SourceVersionDate "2023.02.28"]
[SourceQuality "1"]
[WhiteTeam "Anglo-India"]
[BlackTeam "England"]
[WhiteTeamCountry "ENG"]
[BlackTeamCountry "ENG"]

1. d4 d5 2. Nf3 c6 3. Bf4 g6 4. e3 Bg7 5. h3 Qb6 6. Qc1 Nh6 7. Be2 f6 8. O-O
Nf7 9. c4 e5 10. Bh2 O-O 11. Nc3 Be6 12. Na4 Qd8 13. Nc5 Bc8 14. b4 Qe7 15. a3
g5 16. Qc2 e4 17. Nd2 f5 18. b5 f4 19. bxc6 bxc6 20. Rfc1 Nd6 21. cxd5 cxd5 22.
Qb3 Qf7 23. Kh1 Kh8 24. Rab1 Nc6 25. Ncxe4 Nxe4 26. Nxe4 Rb8 27. Qa2 Rxb1 28.
Qxb1 dxe4 29. Rxc6 f3 30. gxf3 Bxh3 31. Rc7 Qg6 32. Qb7 exf3 33. Ba6 Re8 34.
Rxg7 Qxg7 35. Be5 Rxe5 36. Qb8+ Qg8 37. Qxe5+ Qg7 38. Qb8+ Qg8 39. Qxa7 Be6 40.
Qe7 Qg6 41. Qf8+ Bg8 42. Bc4 Qh5+ 43. Kg1 Qg4+ 44. Kf1 Qg2+ 45. Ke1 Qg1+ 46.
Bf1 h5 47. Qxf3 h4 48. Qg2 Qxg2 49. Bxg2 1-0

[Event "NatWest Team Challenge"]
[Site "Catford"]
[Date "1985.08.??"]
[Round "?"]
[White "Hawksworth, John C"]
[Black "Colias, Billy"]
[Result "1-0"]
[WhiteElo "2370"]
[BlackElo "2315"]
[PlyCount "71"]
[EventDate "1985.08.11"]
[EventType "team-schev"]
[EventRounds "9"]
[EventCountry "ENG"]
[SourceTitle "BritBase"]
[Source "John Saunders"]
[SourceDate "2023.02.28"]
[SourceVersion "1"]
[SourceVersionDate "2023.02.28"]
[SourceQuality "1"]
[WhiteTeam "Anglo-India"]
[BlackTeam "USA"]
[WhiteTeamCountry "ENG"]
[BlackTeamCountry "USA"]

1. d4 d5 2. c4 e6 3. Nf3 Nf6 4. Nc3 Be7 5. Bg5 h6 6. Bh4 O-O 7. e3 b6 8. Be2
Bb7 9. Bxf6 Bxf6 10. cxd5 exd5 11. b4 Qe7 12. Qb3 Qe6 13. b5 Nd7 14. O-O Be7
15. a4 Bd6 16. a5 Rab8 17. axb6 axb6 18. Ra7 f5 19. Nd2 Nf6 20. Bf3 Kh8 21. g3
Rfe8 22. Bg2 g6 23. Qc2 Kg7 24. Ne2 Qf7 25. Nc4 dxc4 26. Rxb7 Ra8 27. Rc1 Ra5
28. Qxc4 Qxc4 29. Rxc4 Ne4 30. Bxe4 fxe4 31. Nc3 Ra1+ 32. Kg2 Rc1 33. Nxe4 Rxc4
34. Nxd6 Rb8 35. Rxb8 cxd6 36. Rxb6 1-0

[Event "NatWest Team Challenge"]
[Site "Catford"]
[Date "1985.08.??"]
[Round "?"]
[White "Martin, Andrew D"]
[Black "Hall, John"]
[Result "0-1"]
[WhiteElo "2410"]
[BlackElo "2290"]
[PlyCount "96"]
[EventDate "1985.08.11"]
[EventType "team-schev"]
[EventRounds "9"]
[EventCountry "ENG"]
[SourceTitle "BritBase"]
[Source "John Saunders"]
[SourceDate "2023.02.28"]
[SourceVersion "1"]
[SourceVersionDate "2023.02.28"]
[SourceQuality "1"]
[WhiteTeam "Anglo-India"]
[BlackTeam "USA"]
[WhiteTeamCountry "ENG"]
[BlackTeamCountry "USA"]

1. Nf3 d5 2. g3 Nf6 3. Bg2 e6 4. O-O c5 5. d3 Nc6 6. Nbd2 Be7 7. e4 O-O 8. Re1
b6 9. e5 Nd7 10. Nf1 Bb7 11. h4 Qc7 12. Bf4 Rfe8 13. N1h2 Nf8 14. h5 h6 15. Ng4
Nh7 16. c3 Bf8 17. Qd2 a5 18. a4 Ba6 19. Re2 b5 20. axb5 Bxb5 21. Nfh2 a4 22.
Rae1 c4 23. d4 Reb8 24. Ne3 Qd8 25. Nhg4 Ne7 26. Nc2 Be8 27. Nce3 Rb5 28. Nd1
a3 29. bxa3 Rxa3 30. Bh3 Nc8 31. Nh2 Nb6 32. Re3 Na4 33. Qe2 Rbb3 34. Qf3 Be7
35. Nf1 Ng5 36. Qg4 Nxh3+ 37. Qxh3 Nxc3 38. Nxc3 Rxc3 39. g4 Rxe3 40. Rxe3 Rxe3
41. Bxe3 Qb6 42. g5 hxg5 43. h6 Qb1 44. hxg7 Kxg7 45. f4 c3 46. fxg5 Bb5 47. g6
Qxf1+ 48. Qxf1 Bxf1 0-1

[Event "NatWest Team Challenge"]
[Site "Catford"]
[Date "1985.08.??"]
[Round "?"]
[White "Schiller, Eric"]
[Black "Ravikumar, Vaidyanathan"]
[Result "0-1"]
[WhiteElo "2205"]
[BlackElo "2370"]
[PlyCount "84"]
[EventDate "1985.08.11"]
[EventType "team-schev"]
[EventRounds "9"]
[EventCountry "ENG"]
[SourceTitle "BritBase"]
[Source "John Saunders"]
[SourceDate "2023.02.28"]
[SourceVersion "1"]
[SourceVersionDate "2023.02.28"]
[SourceQuality "1"]
[WhiteTeam "USA"]
[BlackTeam "Anglo-India"]
[WhiteTeamCountry "USA"]
[BlackTeamCountry "ENG"]

1. d4 d5 2. Nc3 Bf5 3. f3 e6 4. e4 Bg6 5. Be3 Nf6 6. Bd3 dxe4 7. Nxe4 Nxe4 8.
fxe4 Bxe4 9. Nf3 Bxd3 10. Qxd3 Nd7 11. O-O Be7 12. c4 O-O 13. Qe4 c6 14. Rad1
Qa5 15. b4 Qh5 16. Ne5 Nxe5 17. dxe5 Rad8 18. g4 Qg6 19. Qxg6 hxg6 20. a3 b6
21. g5 b5 22. cxb5 cxb5 23. Kg2 Rxd1 24. Rxd1 Rd8 25. Rc1 Rd3 26. Rc8+ Kh7 27.
Bc1 Bd8 28. Rc5 Rd5 29. Rxd5 exd5 30. h4 Bb6 31. Kf3 Bd4 32. Kf4 a6 33. Be3 Bb2
34. Bc5 Bc1+ 35. Be3 Bxa3 36. e6 fxe6 37. Ke5 Bxb4 38. Kxe6 Bc3 39. Kf7 d4 40.
Bf4 d3 41. h5 d2 42. hxg6+ Kh8 0-1

[Event "NatWest Team Challenge"]
[Site "Catford"]
[Date "1985.08.??"]
[Round "?"]
[White "Colias, Billy"]
[Black "Kosten, Anthony C"]
[Result "0-1"]
[WhiteElo "2315"]
[BlackElo "2395"]
[PlyCount "66"]
[EventDate "1985.08.11"]
[EventType "team-schev"]
[EventRounds "9"]
[EventCountry "ENG"]
[SourceTitle "BritBase"]
[Source "John Saunders"]
[SourceDate "2023.02.28"]
[SourceVersion "1"]
[SourceVersionDate "2023.02.28"]
[SourceQuality "1"]
[WhiteTeam "USA"]
[BlackTeam "England"]
[WhiteTeamCountry "USA"]
[BlackTeamCountry "ENG"]

1. e4 e6 2. d4 d5 3. Nc3 Bb4 4. e5 Ne7 5. a3 Bxc3+ 6. bxc3 c5 7. a4 Nbc6 8. Nf3
Qa5 9. Qd2 Bd7 10. Bd3 f6 11. exf6 gxf6 12. dxc5 e5 13. c4 dxc4 14. Bxc4 Qxc5
15. Bb3 O-O-O 16. Ba3 Qb6 17. O-O Bg4 18. Qe3 Nd5 19. Bxd5 Rxd5 20. Qe4 Be6 21.
Rfd1 Qd8 22. Re1 Rg8 23. Rab1 Rg4 24. Qxh7 Rd7 25. Qh6 Bd5 26. Qe3 Rxg2+ 27.
Kxg2 Nd4 28. Rb4 Qg8+ 29. Kf1 Bxf3 30. Rc1 Qg2+ 31. Ke1 Nc6 32. Qd3 Rxd3 33.
cxd3 Qg1+ 0-1

[Event "NatWest Team Challenge"]
[Site "Catford"]
[Date "1985.08.??"]
[Round "?"]
[White "Conquest, Stuart"]
[Black "Schiller, Eric"]
[Result "1-0"]
[WhiteElo "2345"]
[BlackElo "2205"]
[PlyCount "83"]
[EventDate "1985.08.11"]
[EventType "team-schev"]
[EventRounds "9"]
[EventCountry "ENG"]
[SourceTitle "BritBase"]
[Source "John Saunders"]
[SourceDate "2023.02.28"]
[SourceVersion "1"]
[SourceVersionDate "2023.02.28"]
[SourceQuality "1"]
[WhiteTeam "England"]
[BlackTeam "USA"]
[WhiteTeamCountry "ENG"]
[BlackTeamCountry "USA"]

1. g3 d5 2. Bg2 e6 3. f4 c6 4. Nf3 Nd7 5. b3 Bc5 6. e3 Qe7 7. O-O b6 8. c4 f5
9. a3 Bb7 10. Nc3 Ngf6 11. b4 Bd6 12. cxd5 exd5 13. Nd4 g6 14. Qb3 Qf7 15. d3
O-O 16. Bb2 Rfe8 17. Rfe1 Rac8 18. Rad1 Bb8 19. Nf3 h6 20. h3 Re7 21. d4 Ne4
22. Nxe4 dxe4 23. Qxf7+ Kxf7 24. Ne5+ Nxe5 25. dxe5 Ba6 26. a4 Bd3 27. Bf1 Rd7
28. Bxd3 exd3 29. e4 Ke6 30. g4 c5 31. b5 c4 32. Bc3 Rf7 33. gxf5+ gxf5 34. Kf2
Rg8 35. Rd2 fxe4 36. Rxe4 Kd5 37. Rd4+ Kc5 38. Ke3 Rgf8 39. R2xd3 Rd7 40. Rxd7
cxd3 41. Rd4 a5 42. Bb2 1-0

[Event "NatWest Team Challenge"]
[Site "Catford"]
[Date "1985.08.??"]
[Round "?"]
[White "Hall, John"]
[Black "Gallagher, Joseph G"]
[Result "1-0"]
[WhiteElo "2290"]
[BlackElo "2310"]
[PlyCount "127"]
[EventDate "1985.08.11"]
[EventType "team-schev"]
[EventRounds "9"]
[EventCountry "ENG"]
[SourceTitle "BritBase"]
[Source "John Saunders"]
[SourceDate "2023.02.28"]
[SourceVersion "1"]
[SourceVersionDate "2023.02.28"]
[SourceQuality "1"]
[WhiteTeam "USA"]
[BlackTeam "England"]
[WhiteTeamCountry "USA"]
[BlackTeamCountry "ENG"]

1. d4 Nf6 2. c4 e6 3. Nf3 c5 4. d5 exd5 5. cxd5 d6 6. Nc3 g6 7. e4 Bg7 8. Be2
O-O 9. O-O Re8 10. Nd2 Nbd7 11. a4 Ne5 12. Ra3 g5 13. Qc2 h6 14. Re1 a6 15. Nf1
Ng6 16. Ne3 b6 17. Bd2 Ra7 18. f3 Bd7 19. Rb1 Qc7 20. b4 g4 21. Ncd1 gxf3 22.
gxf3 Nh5 23. bxc5 bxc5 24. Ng2 f5 25. Bc3 f4 26. Bxg7 Kxg7 27. Qb2+ Ne5 28. Qb6
Kf6 29. Qxc7 Rxc7 30. Rb6 Ke7 31. Bxa6 Ra7 32. Bb5 Rea8 33. Nb2 Bh3 34. Ne1 Nd7
35. Bxd7 Bxd7 36. Ned3 c4 37. Nxc4 Rc7 38. Ndb2 Bh3 39. Kf2 Rg8 40. Ke2 Rg2+
41. Kd3 Rf2 42. Kd4 Ng3 43. Nxd6 Rxh2 44. Ndc4 Ne2+ 45. Ke5 Kf7 46. Rxh6 Kg7
47. Rh4 Rd7 48. d6 Rd8 49. Rxh3 Rxh3 50. Kd5 Ng1 51. Nd2 Rh2 52. Nbc4 Nh3 53.
a5 Ng5 54. a6 Kf7 55. a7 Ra8 56. e5 Ke8 57. e6 Nxe6 58. Kxe6 Rh6+ 59. Ke5 Rh7
60. Kf5 Raxa7 61. Rxa7 Rxa7 62. Ne5 Rh7 63. Ne4 Kd8 64. Nf6 1-0